Derecho laboral: casos prácticos

Saved in:
Bibliografiske detaljer
Institution som forfatter: Gabinete Jurídico del CEF (Author)
Format: Bog
Sprog:spansk
Udgivet: Madrid Centro de Estudios Financieros 2005
Udgivelse:4a. ed
Fag:
Tags: Tilføj Tag
Ingen Tags, Vær først til at tagge denne postø!

MARC

LEADER 00000nam a2200000 a 4500
001 UCJ0481
003 CL-VaPUC
008 060804e20050000SP |||||||||||||||||spa|d
020 |a 8445412779 
082 0 4 |a 344.01  |b GAB  |2 21 
110 2 |a Gabinete Jurídico del CEF  |e author  |9 500691 
245 1 0 |a Derecho laboral: casos prácticos 
250 |a 4a. ed 
300 |a 413 p 
942 |c BK 
945 |d 20060804 00:00:00  |a jtorresc 
260 |a Madrid  |b Centro de Estudios Financieros  |c 2005 
650 7 |a DERECHO LABORAL  |2 CL-VaPUC  |9 15 
650 0 |a Código del trabajo  |9 255479 
650 0 |a Contratos de trabajo  |9 254966 
650 7 |a CONDICCIONES DE TRABAJO  |2 CL-VaPUC  |9 500692 
650 0 |a Derecho civil  |9 255013 
583 |a last modification  |c 20130306 09:04:13  |k Rodrigo Vera 
999 |c 317315  |d 317313 
952 |0 0  |1 0  |4 0  |6 344_010000000000000_GAB_2005  |7 0  |8 A  |9 393564  |a BIBDER  |b BIBDER  |d 2019-11-22  |i 4261194  |o 344.01 GAB 2005  |p 4261194  |r 2023-01-25  |w 2019-11-22  |y BK  |k DER